000 00657nam a2200169 i 4500
001 bg
245 0 _aThermochimie generale :
_bthermochimie generale, thermochimie metallurgique, thermochimie des solides divises, Marseille 30 juin 1er juillet 1971.
260 _aParis :
_bCentre National de la Recherche Scientifque,
_c1972.
490 1 _aColloques Internatioaux du Centre National de la Recherche Scientifique ;
_vNo 201
650 9 _aTermochemia
830 _aColloques Internatioaux du Centre National de la Recherche Scientifique ;
040 _cBPK
041 _apol
080 _a544
942 _cKS
008 s pl f |000 0 pol
999 _c18195
_d18195
856 _uhttp://koha.tu.koszalin.pl/cgi-bin/koha/opac-detail.pl?biblionumber=18195
_yKatalog online BPK